| 000 | 00941cam a2200217 4500 | ||
|---|---|---|---|
| 001 | WB3909-04 | ||
| 008 | 030304n2003 000 0 eng u | ||
| 035 | _a(Sirsi) u121507 | ||
| 245 | _aNew York backs UK codes | ||
| 260 | _c2003 | ||
| 490 |
_aNew Civil Engineer _v(1476) 27 February 2003, 5(1) |
||
| 520 | _aUK Building Regulations could be adopted by New York structural engineers following on from recommendations made in a new report for the New York City Department of Buildings into the World Trade Center collapse. The report highlights the need for greater robustness and resistance to progressive collapse which are already part of UK design codes but lacking in current US design philosophy. | ||
| 590 | _aWB | ||
| 650 | _aSTRUCTURAL ENGINEERING | ||
| 650 |
_aBUILDING REGULATIONS _96224 |
||
| 650 | _aUNITED STATES | ||
| 650 | _aWORLD TRADE CENTER | ||
| 650 | _aNEW YORK | ||
| 690 | _aBUILT ENVIRONMENT | ||
| 942 | _n0 | ||
| 999 |
_c72212 _d72212 |
||